Jump Between All World Capitals: Most Isolated from Remaining Ones - Statistics

General Stats
  • This quiz has been taken 1,407 times
  • The average score is 58 of 195
Answer Stats
D (km) Capital City % Correct
2,330 2,717 ↑↑R/V Canberra W↓
97%
2,425 C↑ Wellington D↓
93%
1,902 W↑ Dili M↓
81%
1,683 D↑ Melekeok R↓
67%
1,497 M↑ Reykjavik B↓
64%
1,460 R↑ Brasilia P↓
60%
1,402 B↑ Port Moresby V↓
57%
1,170 H↑ Ulaanbaatar M↓
57%
1,343 P↑ Victoria L↓
57%
1,249 B↑ Honiara U↓
56%
1,277 L↑ Palikir B↓
55%
4 4 B↑ Rome/ Vatican City ↓↓C
54%
1,316 V↑ Lima P↓
54%
1,256 P↑ Bandar Seri Begawan H↓
53%
1,067 P↑ Funafuti M↓
52%
1,072 S↑ Port-Vila F↓
52%
1,157 1,754 U↑ Manila T↓
52%
1,480 M↑ Taipei T↓
51%
1,155 T↑ Tokyo S↓
50%
1,054 M↑ Port Louis S↓
49%
1,139 T↑ Santiago P↓
48%
954 M↑ Astana W↓
47%
1,048 P↑ Sucre A↓
47%
1,034 S↑ Asuncion M↓
47%
929 A↑ Windhoek A↓
46%
920 1,566 W↑ Antananarivo M↓
45%
1,058 F↑ Mexico City P↓
44%
894 M↑ Jakarta N↓
44%
886 N↑ Apia B↓
44%
1,027 A↑ Moroni J↓
43%
892 J↑ N'Djamena A↓
41%
2,235 N↑ Suva O↓
41%
1,534 O↑ Washington Q↓
41%
732 2,262 S↑ Ottawa W↓
41%
728 1,025 W↑ Quito B↓
41%
765 2,682 B↑ Male C↓
40%
744 2,798 C↑ Nuku'alofa S↓
39%
661 6,179 A↑ Tarawa M↓
38%
772 Q↑ Bogota N↓
38%
2,172 M↑ Colombo N↓
37%
704 N↑ Yaren B↓
37%
1,017 A↑ Mogadishu A↓
36%
783 B↑ Bangui M↓
36%
5,119 K↑ Brazzaville ↓R/V
36%
669 M↑ Ashgabat T↓
36%
5,603 T↑ Majuro P↓
36%
7 5,126 V↑ Kinshasa B↓
36%
810 A↑ Beijing B↓
35%
764 B↑ Vienna K↓
34%
653 M↑ Praia A↓
34%
703 Y↑ Bamako N↓
34%
55 783 J↑ Bratislava V↓
33%
2,305 A↑ Jerusalem B↓
32%
71 2,350 P↑ Amman J↓
32%
686 S↑ Pristina A↓
31%
554 814 B↑ Havana N↓
30%
783 H↑ Nassau D↓
30%
78 739 T↑ Skopje P↓
30%
709 B↑ Naypyidaw Y↓
29%
677 K↑ Moscow A↓
29%
687 N↑ Khartoum M↓
29%
558 R↑ Addis Ababa B↓
29%
690 B↑ New Delhi K↓
28%
579 C↑ Yamoussoukro A↓
28%
475 B↑ Kingston D↓
27%
1,418 H↑ Vientiane B↓
27%
463 K↑ Dublin B↓
27%
635 P↑ Algiers A↓
27%
479 V↑ Bishkek K↓
27%
604 A↑ Abuja C↓
26%
479 1,616 A↑ Hanoi V↓
26%
175 B↑ Damascus H↓
26%
513 B↑ Juba P↓
26%
356 B↑ Saint John's K↓
26%
82 1,430 D↑ Helsinki T↓
26%
1,351 H↑ Tallinn S↓
26%
7,620 K↑ Castries B↓
26%
315 4,663 L↑ Singapore K↓
26%
498 M↑ Andorra la Vella A↓
26%
398 1,053 M↑ Lusaka H↓
26%
751 N↑ Ouagadougou N↓
26%
95 7,697 S↑ Kingstown C↓
26%
687 T↑ Valletta C↓
26%
566 Y↑ Asmara R↓
26%
586 A↑ Caracas Y↓
25%
517 A↑ Lilongwe B↓
25%
561 A↑ Rabat A↓
25%
400 B↑ Vaduz P↓
25%
84 218 C↑ Beirut D↓
25%
3,465 C↑ Freetown L↓
25%
117 278 F↑ Ljubljana Z↓
25%
1,564 K↑ Bujumbura B↓
25%
401 K↑ Maseru L↓
25%
914 L↑ Harare W↓
25%
494 990 L↑ Madrid A↓
25%
155 L↑ Port-of-Spain R↓
25%
267 L↑ Zagreb B↓
25%
134 M↑ Saint George's P↓
25%
503 N↑ Lisbon M↓
25%
415 778 O↑ Niamey O↓
25%
427 S↑ Kathmandu C↓
25%
321 S↑ London S↓
25%
417 T↑ Oslo N↓
25%
95 408 Z↑ Basseterre S↓
25%
159 550 B↑ Bern V↓
24%
174 B↑ Bridgetown S↓
24%
1,558 D↑ Manama S↓
24%
2,030 D↑ Tashkent Y↓
24%
1,733 D↑ Thimphu O↓
24%
446 I↑ Kabul M↓
24%
305 2,064 K↑ Dushanbe T↓
24%
368 657 K↑ Islamabad K↓
24%
820 L↑ Sao Tome A↓
24%
140 1,691 M↑ Doha M↓
24%
553 N↑ Dodoma L↓
24%
247 1,027 P↑ Port-au-Prince S↓
24%
150 P↑ Roseau M↓
24%
780 P↑ Santo Domingo N↓
24%
153 P↑ Tirana C↓
24%
176 1,659 S↑ Kigali B↓
24%
241 S↑ Nicosia M↓
24%
131 158 S↑ Podgorica T↓
24%
126 3,556 T↑ Conakry F↓
24%
280 B↑ Berlin P↓
23%
161 B↑ Budapest B↓
23%
264 B↑ Paris R↓
23%
549 D↑ Luanda P↓
23%
393 H↑ Warsaw S↓
23%
2,960 M↑ Mbabane D↓
23%
536 P↑ Tehran A↓
23%
259 556 R↑ Gaborone P↓
23%
303 447 T↑ Yaounde M↓
23%
556 A↑ Baghdad H↓
22%
489 A↑ Brussels S↓
22%
198 B↑ Belgrade S↓
22%
423 C↑ Riyadh D↓
22%
449 D↑ Baku M↓
22%
2,864 G↑ San Salvador K↓
22%
517 L↑ Bangkok J↓
22%
177 2,986 L↑ Guatemala City S↓
22%
537 L↑ Phnom Penh T↓
22%
357 M↑ Chisinau T↓
22%
303 828 M↑ Libreville S↓
22%
529 M↑ Vilnius T↓
22%
565 P↑ Georgetown B↓
22%
187 P↑ Luxembourg G↓
22%
150 3,021 R↑ Maputo M↓
22%
173 631 S↑ Amsterdam B↓
22%
376 S↑ Kampala I↓
22%
172 640 S↑ Minsk V↓
22%
529 T↑ Ankara L↓
22%
1,041 T↑ Yerevan A↓
22%
378 Y↑ Malabo L↓
22%
486 A↑ Athens H↓
21%
346 878 C↑ Paramaribo G↓
21%
301 G↑ Pretoria P↓
21%
432 1,498 K↑ Djibouti S↓
21%
433 M↑ Kuwait City D↓
21%
225 M↑ San Marino T↓
21%
503 P↑ Nairobi L↓
21%
4,603 S↑ Kuala Lumpur D↓
21%
158 1,761 V↑ Porto-Novo L↓
21%
170 1,179 V↑ Tbilisi Y↓
21%
166 702 A↑ Dakar B↓
20%
440 B↑ Muscat K↓
20%
339 B↑ San Jose L↓
20%
172 B↑ Sarajevo M↓
20%
194 6,787 B↑ Seoul P↓
20%
536 D↑ Banjul B↓
20%
1,066 D↑ Sanaa K↓
20%
343 G↑ Belmopan S↓
20%
511 J↑ Panama City N↓
20%
406 O↑ Nouakchott T↓
20%
1,615 P↑ Lome P↓
20%
252 P↑ Prague P↓
20%
6,611 S↑ Pyongyang L↓
20%
218 S↑ Tegucigalpa B↓
20%
355 V↑ Copenhagen P↓
20%
380 W↑ Stockholm K↓
20%
174 B↑ Sofia A↓
19%
357 1,002 C↑ Tripoli V↓
19%
168 Y↑ Accra D↓
19%
296 A↑ Bucharest B↓
18%
423 K↑ Cairo R↓
18%
239 N↑ Managua S↓
18%
403 N↑ Tunis K↓
18%
423 2,022 R↑ Dhaka T↓
18%
402 T↑ Kiev M↓
18%
202 5,074 B↑ Montevideo B↓
17%
5,022 M↑ Buenos Aires B↓
17%
261 P↑ Riga G↓
17%
301 S↑ Abu Dhabi B↓
17%
361 K↑ Monrovia M↓
16%
357 M↑ Monaco C↓
16%
205 T↑ Bissau M↓
15%
No matching quizzes found
Score Distribution
Percent of People with Each Score
Percentile by Number Answered
Your Score History
You have not taken this quiz